As Vr̀ias Faces da Sujeiȯ̂ Humana Desigualdade, Trabalho e Interseccionalidades de Gn̊ero e Sexualidade /

Detalles Bibliográficos
Autor principal: Zini Cavalcante de Oliveira, Joô Felipe
Otros Autores: Maciel Ramos, Marcelo, Gravat ̀Nicoli, Pedro Augusto
Formato: eBook
Lenguaje:portugués
Publicado: Belo Horizonte: Initia Via Editora, 2017
Materias:
Acceso en línea:Acceso restringido

MARC

LEADER 00000nam a22000007a 4500
005 20201230002435.0
007 cr|||| ||||
008 201230s2017 br |||||s|||| 00||0 por d
020 |a 978-85-64912-99-1 
035 |a 32527 
040 |a vLex 
090 |c 11023  |d 11023 
100 1 |a Zini Cavalcante de Oliveira, Joô Felipe 
245 1 2 |a As Vr̀ias Faces da Sujeiȯ̂ Humana  |h [Recurso electrn̤ico] :  |b Desigualdade, Trabalho e Interseccionalidades de Gn̊ero e Sexualidade /  |c Joô Felipe Zini Cavalcante de Oliveira, Marcelo Maciel Ramos, Pedro Augusto Gravat ̀Nicoli 
256 |a Servicio en ln̕ea 
260 |a Belo Horizonte:  |b Initia Via Editora,  |c 2017 
300 |a 1 recurso electrn̤ico 
500 |a Inspirado na campanha Livres e Iguais da ONU, o II Congresso de Diversidade Sexual e de Gn̊ero elegeu como tema a "Efetivaȯ̂ de Direitos Humanos e Cidadania de Mulheres e Pessoas LGBT". Pautado pela interdisciplinaridade e pelo desejo de transposiȯ̂ dos muros que separam a academia e a vida, o Diverso UFMG convida todas e todos, de qualquer r̀ea do saber, das cin̊cias e da militńcia, para juntar-se a ns̤ nesse debate e nessa luta. 
506 1 |a Disponible solo en los productos indicados  |d vLex Global  |d vLex Global (Academic Edition, excluding Law Schools)  |d vLex Global (U.S. Academic Edition, Law Schools)  |d vLex Global (U.S. Academic Edition, excluding Law Schools)  |d vLex Global (Academic Edition, Law Schools) 
650 0 4 |a Derecho Constitucional  |z Brasil 
650 0 4 |a Psicologa̕  |z Brasil 
700 1 |a Maciel Ramos, Marcelo 
700 1 |a Gravat ̀Nicoli, Pedro Augusto 
740 0 |a vLex Libros (Servicio en ln̕ea) 
856 4 0 |u http://vlex.com/source/varias-faces-da-sujei-o-humana-desigualdade-trabalho-e-interseccionalidades-de-g-nero-e-sexualidade-32527  |z Acceso restringido 
942 |c BOOK 
999 0 |a Constitutional Law 
999 0 |a Psychology